Quizzes
Events
Quiz Creation
Community
Videos
Private Events
Remove Ads
Sign In
Join for FREE
Feedback
Dark Mode
Quiz Categories
Sports
Geography
Music
Movies
Television
Just For Fun
Miscellaneous
History
Literature
Language
Science
Gaming
Entertainment
Religion
Holiday
For Kids
Quiz Lab
Recent
Popular Today
Quiz Kudos Today
Editor Picks
Curator Picks
Quizzes by...
Day
Popularity
Type
Ratings
Length
Year
Community
Subscriptions
Recent Discussions
Orange Saloon
Badges
Playlists
Quests
Create
Leaderboards
Showdown
Live 5
Trivia Bingo
Activity
Puzzle Library
Sporcle Events
Private Events
Virtual Trivia
Globe League
Become a Host
Pub Owners
SporcleCon
Opinionation
Our Games
Videos
Blog
Mobile Apps
Partnerships
Remove Ads and Go Orange
Feedback
Music
Pop Music
The Beatles
Song
Album
Lyrics
Bands
Singers
Artist
Clip
Rock
Rap
Classical
Billboard
Country Music
Kpop
Taylor Swift
Music
Pop Music
The Beatles
Song
Album
Lyrics
Bands
Singers
Artist
Clip
Rock
Rap
Classical
Billboard
Country Music
Kpop
Taylor Swift
Random Quiz
Search Sporcle
×
Quiz Lab
Quiz Lab
Music
phobia
Type in answers that appear in a list
Type in answers that appear in a list
Classic
Best Score? Go Orange.
Breaking Benjamin Songs Stats
Can you name the Breaking Benjamin Songs (Not Including acoustics)?
By
DreamTheater
10m
51 Questions
39 Plays
39 Plays
39 Plays
Comments
Comments
Give Quiz Kudos
Give Quiz Kudos
-
- Ratings
hide this ad
More Info
Replay
Link that replays current quiz
Next Quiz
Link to next quiz in quiz playlist
You Got
0%
They Got
Avg Score
58%
Avg Friend Score
Upgrade to see
Score Distribution
Jump to the score distribution portion of the page
Score
0/51
Timer
10:00
0
Plays Today
Album
song
% Correct
Phobia
The Diary Of Jane
89.7%
Phobia
Breath
87.2%
We are not alone
So Cold
82.1%
Dear Agony
I Will Not Bow
82.1%
Phobia
Unknown Soldier
74.4%
Dear Agony
Dear Agony
74.4%
Saturate
Polyamorous
71.8%
Phobia
Dance With the Devil
71.8%
Phobia
You
69.2%
Phobia
Evil Angel
69.2%
Dear Agony
Crawl
69.2%
Dear Agony
Give Me A Sign
66.7%
Dear Agony
Anthem Of The Angels
66.7%
We are not alone
Sooner or later
64.1%
We are not alone
Rain
64.1%
We are not alone
Rain
64.1%
Phobia
Had Enough
64.1%
Dear Agony
Hopeless
61.5%
Saturate
Skin
59%
Phobia
Intro
59%
Phobia
Until The End
59%
Phobia
Outro
59%
Dear Agony
Without You
59%
Saturate
Medicate
56.4%
Saturate
Water
56.4%
Saturate
Home
56.4%
Album
song
% Correct
We are not alone
Simple Design
56.4%
Phobia
Topless
56.4%
Phobia
You Fight Me
56.4%
Dear Agony
Fade Away
56.4%
Saturate
Phase
53.8%
Saturate
Sugarcoat
53.8%
We are not alone (W/
Japanese Bonus Tracks)
Lady Bug
53.8%
We are not alone
Follow
51.3%
We are not alone
Firefly
51.3%
We are not alone
Break My Fall
51.3%
We are not alone
Breakdown
51.3%
Phobia
Here We Are
51.3%
Saturate
Shallow Bay
48.7%
We are not alone
Away
48.7%
Dear Agony
Lights Out
48.7%
Saturate
Wish I May
46.2%
We are not alone
Forget it
46.2%
Dear Agony
What Lies Beneath
46.2%
Dear Agony
Into The Nothing
46.2%
Saturate
Natural Life
43.6%
Saturate
No Games
43.6%
We are not alone (W/
Japanese Bonus Tracks)
Ordinary Man
43.6%
Saturate
Forever
41%
We are not alone
Believe
38.5%
Saturate
Next To nothing
30.8%
Quiz Playlist
Details
Report
Send in Message
Add To Playlist
More Info:
Name all the songs.
Classic:
Type in answers that appear in a list
Quiz Source
Last Updated: Feb 16, 2017
Quiz Scoreboard
CHALLENGE
Sign Up to Join the Scoreboard
Show All
Scores
Hide
Comments
May contain spoilers
Recently Published
TV Characters by Other Roles V
by ghcgh
Television
5m
Decade Duel: World Leaders
by jenniferyan
History
4m
Alphabetical 'K' Countries by Flag Minefield
by ylime102
Geography
3m
More to Explore
Quiz From the Vault
Featured Blog Post
15 Basketball Trivia Facts You Can Be March Mad About
hide this ad
You Might Also Like...
Tags
benjamin
Breaking
Breaking Benjamin
dear
phobia
Today's Top Quizzes in Music
Browse Music
hide this ad
Today's Top Quizzes in phobia
Browse phobia
Top Contributed Quizzes in Music
1
Taylor Swift All Songs (2024)
2
Decade Duel: Singer
3
Taylor Swift Logic Puzzle
4
KPOP LOGIC QUIZ
5
Guess the Taylor Swift song (Mystery Song)
6
Guess The Taylor Swift Lyrics Song #1
7
A Taylor Swift Logic Puzzle
8
kpop group name match up
9
2 word kpop group match
10
Madness Songs By Image
Explore More
Trending Topics
Harry Potter
Disney
Anime
NBA
Crossword
Kpop
Marvel
Country
Song
Pokémon
Soccer
Puzzle
NFL
WWE
The Office
hide this ad
More By:
DreamTheater
Quiz
Plays
Rating
Category
Featured
Created
Skillet songs!!!
411
5.00
Music
Jul 27, 2010
Disturbed studio albums
54
Music
Jul 3, 2010
Breaking Benjamin Songs
39
Music
Mar 12, 2011
Mid suburban league
14
Miscellaneous
Jun 27, 2010
Olympic 200 backstroke winners (mens)
11
Sports
Jun 4, 2010
Go to Creator's Profile
Score Distribution
Quiz Creator Spotlight
DreamTheater
Follow
Send a Message
Quizzes Created
-
Created Quiz Play Count
-
More By This Creator
Popular Quizzes Today
1
Countries of Asia Without Outlines Minefield
2
Find the US States - No Outlines Minefield
3
Pick 6: Fruits
4
The Countries of the World
5
Find the Countries of Europe - No Outlines Minefield
6
Alphabetical 'K' Countries by Flag Minefield
7
US States
8
Find the US States
More Music Quizzes
Figure out the Lyrics (Disney Classic)
Curator's Pick
Trending Quizzes
Pick 6: Mountains
Pick 6: Harry Potter
Pick 6: Flags
Pick 6: NFL Teams
C Names for Actors
Recently Updated
Adaptations: Name the Title
pecheneg
NWSL Teams
pecheneg
Women's Final Four Teams by Year
bhenderson79
Presidents Quartet II
eogle
Anything But Clue(do)
eogle
Anything But Oceanian Capitals
eogle
Anything But 7
eogle
Anything But Thing
eogle
Word Ladder: February 29
pecheneg
Song Title Questions
pecheneg
Trending Topics
Anime
Kpop
Disney
Harry Potter
Marvel
Crossword
NBA
Pokémon
Puzzle
Soccer
NFL
The Office
WWE
Song
Country
Your Account Isn't Verified!
In order to create a playlist on Sporcle, you need to verify the email address you used during registration. Go to your
Sporcle Settings
to finish the process.
Report this User
Report this user for behavior that violates our
Community Guidelines
.
Details:
Send Report
Go to the Sporcle.com Mobile Site →
Comments